Η έκθεση του εμπειρογνώμονα στο πλαίσιο της διαδικασίας εξυγίανσης των επιχειρήσεων : [μεταπτυχιακή εργασία]

Αποθηκεύτηκε σε:
Λεπτομέρειες βιβλιογραφικής εγγραφής
Κύριος συγγραφέας: Αγγελή, Ανθούλα
Συγγραφή απο Οργανισμό/Αρχή: Πανεπιστήμιο Αιγαίου Σχολή Επιστημών της Διοίκησης Τμήμα Διοίκησης Επιχειρήσεων Πρόγραμμα Μεταπτυχιακών Σπουδών στη Διοίκηση Επιχειρήσεων - M.B.A
Άλλοι συγγραφείς: Charaktiniotis, Stefanos (Εισηγητής διατριβής)
Μορφή: Thesis Βιβλίο
Γλώσσα:Greek
Δημοσίευση: [2014?]
Θέματα:
Διαθέσιμο Online:http://hdl.handle.net/11610/13417
Ετικέτες: Προσθήκη ετικέτας
Δεν υπάρχουν, Καταχωρήστε ετικέτα πρώτοι!

MARC

LEADER 00000cam a2200000 i 4500
001 1/49665
008 140620q2014 gre d
035 |l 10118031 
040 |a GR-MY-UA  |b gre  |e aacr 
041 0 |a gre 
082 0 |a 346.06626  |2 (23) 
100 1 |a Αγγελή, Ανθούλα. 
245 1 2 |a Η έκθεση του εμπειρογνώμονα στο πλαίσιο της διαδικασίας εξυγίανσης των επιχειρήσεων :  |b [μεταπτυχιακή εργασία] /  |c σπουδάστρια: Αγγελή Ανθούλα ; επιβλέπων καθηγητής: Χαρακτινιώτης Στέφανος 
260 |c [2014?] 
300 |a 48 σ.;  |b πίν.;  |c 30 εκ. 
502 |a Διατριβή (μεταπτυχιακή) – Πανεπιστήμιο Αιγαίου, Χίος, 2014. 
504 |a Περιλαμβάνει βιβλιογραφία 
650 0 0 |a Corporate reorganizations. 
650 0 0 |a Consolidation and merger of corporations. 
650 0 0 |a Business enterprises. 
650 0 0 |a Bankruptcy. 
650 0 0 |a Dissertations, Academic  |z Greece. 
700 1 |a Charaktiniotis, Stefanos.  |4 ths 
710 1 |a Πανεπιστήμιο Αιγαίου  |b Σχολή Επιστημών της Διοίκησης  |b Τμήμα Διοίκησης Επιχειρήσεων  |b Πρόγραμμα Μεταπτυχιακών Σπουδών στη Διοίκηση Επιχειρήσεων - M.B.A. 
852 |a INST  |b CHIOS  |c DIATR  |e 20140620  |h 346.06626 ΑΓΓ  |p 005200036122  |q 005200036122  |t MTXE  |y 23 
852 |a INST  |b CHIOS  |c DIATR  |e 20140620  |h 346.06626 ΑΓΓ  |p 005200036123  |q 005200036123  |t MTXE  |y 23 
856 |u http://hdl.handle.net/11610/13417 
901 |a BIBL2-2014-2 
909 |a Χ  |b 180585 
909 |a Χ  |b 180586 
924 |a ΑΓΓΕΛΗ  |b ΑΝΘΟΥΛΑ  |y ΧΙΟΣ  |z 2014-04 
970 |a ΠΑΡΟΙΚΑΚΗ  |b ΒΑΣΙΛΙΚΗ  |z 2014/06/20